Ari

Uloženo v:
Podrobná bibliografie
Hlavní autor: Lipman, Matthew (autor)
Médium: Kniha
Jazyk:španělština
Vydáno: Madrid CEPE 1980
Témata:
Tagy: Přidat tag
Žádné tagy, Buďte první, kdo vytvoří štítek k tomuto záznamu!

MARC

LEADER 00000nam a2200000 a 4500
001 UCL1978
003 CL-VaPUC
008 030926e19800000sp |||||||||||||||||spa|d
082 0 4 |a 808.0683  |b LIP  |2 21 
100 |a Lipman, Matthew  |e autor  |9 414481 
245 1 0 |a Ari 
300 |a 118 p 
942 |c BK 
945 |d 20030926 00:00:00  |a cmena 
260 |a Madrid  |b CEPE  |c 1980 
650 0 |a Literatura infantil   |9 307465 
650 7 |a FILOSOFIA PARA NIÑOS  |2 CL-VaPUC  |9 479004 
583 |a last modification  |c 20130808 11:43:09  |k Rodrigo Vera 
999 |c 305406  |d 305404 
952 |0 0  |1 0  |4 0  |6 808_068300000000000_LIP_1980  |7 0  |8 A  |9 369268  |a BIBEDU  |b BIBEDU  |d 2019-11-21  |i 3942147  |o 808.0683 LIP 1980  |p 3942147  |r 2019-11-21  |w 2019-11-21  |y BK  |k EPE